[Event "398 Stay Safe Play From Home series"]
[Site "Emanuel Lasker Arena"]
[Date "2020.08.20"]
[Round "5"]
[White "AlexK"]
[Black "Yuriko"]
[Result "1-0"]
[WhiteElo "2056"]
[BlackElo "1965"]
[PlyCount "53"]
[EventDate "2020.08.20"]
[EventType "swiss (blitz)"]

1. d4 {[%emt 0:00:03]} d5 {[%emt 0:00:01]} 2. Nf3 {[%emt 0:00:00]} c6 {[%emt 0:00:00]} 3. Bf4 {[%emt 0:00:01]} Nf6 {[%emt 0:00:00]} 4. e3 {[%emt 0:00:00]} e6 {[%emt 0:00:00]} 5. h3 {[%emt 0:00:00]} Nbd7 {[%emt 0:00:00]} 6. c3 {[%emt 0:00:01]} Be7 {[%emt 0:00:01]} 7. Be2 {[%emt 0:00:00]} O-O {[%emt 0:00:00]} 8. Bh2 {[%emt 0:00:01]} b6 {[%emt 0:00:01]} 9. O-O {[%emt 0:00:00]} Bb7 {[%emt 0:00:00]} 10. c4 {[%emt 0:00:01]} c5 {[%emt 0:00:01]} 11. Nc3 {[%emt 0:00:01]} dxc4 {[%emt 0:00:01]} 12. Bxc4 {[%emt 0:00:01]} Rc8 {[%emt 0:00:00]} 13. Bb3 {[%emt 0:00:01]} cxd4 {[%emt 0:00:00]} 14. Nxd4 {[%emt 0:00:01]} a6 {[%emt 0:00:01]} 15. Rc1 {[%emt 0:00:01]} b5 {[%emt 0:00:00]} 16. Re1 {[%emt 0:00:01]} Qb6 {[%emt 0:00:01]} 17. a3 {[%emt 0:00:01]} Rfd8 {[%emt 0:00:00]} 18. Qe2 {[%emt 0:00:01]} Nc5 {[%emt 0:00:01]} 19. Bc2 {[%emt 0:00:01]} h6 {[%emt 0:00:02]} 20. Red1 {[%emt 0:00:01]} Nd5 {[%emt 0:00:02]} 21. Nxd5 {[%emt 0:00:02]} Rxd5 {[%emt 0:00:00]} 22. b4 {[%emt 0:00:02]} Na4 {[%emt 0:00:05]} 23. Be4 {[%emt 0:00:02]} Rdd8 {[%emt 0:00:01]} 24. Rxc8 {[%emt 0:00:02]} Rxc8 {[%emt 0:00:01]} 25. Bxb7 {[%emt 0:00:01]} Qxb7 {[%emt 0:00:00]} 26. Qf3 {[%emt 0:00:02]} Nc3 {[%emt 0:00:01]} 27. Qxb7 {[%emt 0:00:02] Yuriko resigns Yuriko resigns Yuriko resigns} 1-0

[Event "398 Stay Safe Play From Home series"]
[Site "Emanuel Lasker Arena"]
[Date "2020.08.20"]
[Round "5"]
[White "Buzaglo"]
[Black "Stefansmtk"]
[Result "0-1"]
[WhiteElo "1892"]
[BlackElo "1964"]
[PlyCount "88"]
[EventDate "2020.08.20"]
[EventType "swiss (blitz)"]

1. d4 {[%emt 0:00:01]} c5 {[%emt 0:00:01]} 2. Nf3 {[%emt 0:00:00]} cxd4 {[%emt 0:00:01]} 3. g3 {[%emt 0:00:00]} e5 {[%emt 0:00:01]} 4. Bg2 {[%emt 0:00:00]} Nc6 {[%emt 0:00:01]} 5. O-O {[%emt 0:00:01]} d5 {[%emt 0:00:01]} 6. c3 {[%emt 0:00:00]} dxc3 {[%emt 0:00:01]} 7. Nxc3 {[%emt 0:00:00]} d4 {[%emt 0:00:00]} 8. Ne4 {[%emt 0:00:02]} Be7 {[%emt 0:00:01]} 9. Bd2 {[%emt 0:00:04]} Nf6 {[%emt 0:00:01]} 10. Nxf6+ {[%emt 0:00:03]} Bxf6 {[%emt 0:00:01]} 11. Rc1 {[%emt 0:00:00]} O-O {[%emt 0:00:01]} 12. b3 {[%emt 0:00:01]} Be6 {[%emt 0:00:02]} 13. Be1 {[%emt 0:00:01]} Rc8 {[%emt 0:00:01]} 14. Nd2 {[%emt 0:00:00]} Qb6 {[%emt 0:00:04]} 15. Ne4 {[%emt 0:00:01]} Be7 {[%emt 0:00:02]} 16. a4 {[%emt 0:00:06]} a5 {[%emt 0:00:02]} 17. h4 {[%emt 0:00:06]} Nb4 {[%emt 0:00:01]} 18. Nd2 {[%emt 0:00:01]} Rxc1 {[%emt 0:00:03]} 19. Qxc1 {[%emt 0:00:01]} Na2 {[%emt 0:00:00]} 20. Qb2 {[%emt 0:00:01]} Nc3 {[%emt 0:00:00]} 21. Nf3 {[%emt 0:00:05]} Qxb3 {[%emt 0:00:03]} 22. Bxc3 {[%emt 0:00:03]} dxc3 {[%emt 0:00:03]} 23. Qc1 {[%emt 0:00:01]} f6 {[%emt 0:00:03]} 24. Ne1 {[%emt 0:00:02]} Qxa4 {[%emt 0:00:02]} 25. Nd3 {[%emt 0:00:01]} Bb4 {[%emt 0:00:01]} 26. Bxb7 {[%emt 0:00:03]} Rb8 {[%emt 0:00:01]} 27. Bg2 {[%emt 0:00:01]} Bc4 {[%emt 0:00:02]} 28. f4 {[%emt 0:00:00]} Bxd3 {[%emt 0:00:01]} 29. exd3 {[%emt 0:00:00]} exf4 {[%emt 0:00:01]} 30. Rxf4 {[%emt 0:00:02]} c2 {[%emt 0:00:01]} 31. Kh2 {[%emt 0:00:01]} Qa2 {[%emt 0:00:01]} 32. Rf1 {[%emt 0:00:02]} Qb1 {[%emt 0:00:00]} 33. Qf4 {[%emt 0:00:02]} Bf8 {[%emt 0:00:03]} 34. Kh3 {[%emt 0:00:04]} Qxf1 {[%emt 0:00:02]} 35. Bxf1 {[%emt 0:00:01]} c1=Q {[%emt 0:00:01]} 36. Qxc1 {[%emt 0:00:01]} Bd6 {[%emt 0:00:01]} 37. Qf4 {[%emt 0:00:00]} g5 {[%emt 0:00:01]} 38. Qxd6 {[%emt 0:00:01]} g4+ {[%emt 0:00:01]} 39. Kxg4 {[%emt 0:00:01]} h5+ {[%emt 0:00:01]} 40. Kh3 {[%emt 0:00:00]} Rb5 {[%emt 0:00:01]} 41. Qd5+ {[%emt 0:00:00]} Rxd5 {[%emt 0:00:02]} 42. Bg2 {[%emt 0:00:00]} Rd4 {[%emt 0:00:00]} 43. Be4 {[%emt 0:00:01]} a4 {[%emt 0:00:00]} 44. Bc6 {[%emt 0:00:01]} a3 {[%emt 0:00:00] Time Time Time (Lag: Av=0.54s, max=1.9s) (Lag: Av=0.54s, max=1.9s) (Lag: Av=0.54s, max=1.9s)} 0-1

[Event "398 Stay Safe Play From Home series"]
[Site "Emanuel Lasker Arena"]
[Date "2020.08.20"]
[Round "6"]
[White "Broken sword"]
[Black "MihailoVujic"]
[Result "0-1"]
[WhiteElo "2472"]
[BlackElo "2209"]
[PlyCount "134"]
[EventDate "2020.08.20"]
[EventType "swiss (blitz)"]

1. d4 {[%emt 0:00:01]} d5 {[%emt 0:00:01]} 2. Nf3 {[%emt 0:00:00]} Nc6 {[%emt 0:00:01]} 3. c4 {[%emt 0:00:01]} Bg4 {[%emt 0:00:01]} 4. cxd5 {[%emt 0:00:00]} Bxf3 {[%emt 0:00:01]} 5. gxf3 {[%emt 0:00:00]} Qxd5 {[%emt 0:00:01]} 6. e3 {[%emt 0:00:00]} e5 {[%emt 0:00:00]} 7. Nc3 {[%emt 0:00:00]} Bb4 {[%emt 0:00:00]} 8. Bd2 {[%emt 0:00:01]} Bxc3 {[%emt 0:00:00]} 9. bxc3 {[%emt 0:00:00]} exd4 {[%emt 0:00:00]} 10. cxd4 {[%emt 0:00:00]} Nge7 {[%emt 0:00:00]} 11. Qb3 {[%emt 0:00:00]} Qxb3 {[%emt 0:00:02]} 12. axb3 {[%emt 0:00:00]} a6 {[%emt 0:00:00]} 13. Bg2 {[%emt 0:00:01]} O-O-O {[%emt 0:00:00]} 14. f4 {[%emt 0:00:01]} Rhe8 {[%emt 0:00:01]} 15. O-O {[%emt 0:00:00]} Nd5 {[%emt 0:00:00]} 16. Rfd1 {[%emt 0:00:01]} f5 {[%emt 0:00:01]} 17. Rac1 {[%emt 0:00:01]} g6 {[%emt 0:00:01]} 18. Rc5 {[%emt 0:00:01]} Nce7 {[%emt 0:00:02]} 19. Rdc1 {[%emt 0:00:01]} c6 {[%emt 0:00:01]} 20. R5c2 {[%emt 0:00:01]} Kb8 {[%emt 0:00:01]} 21. Bf1 {[%emt 0:00:00]} Nc8 {[%emt 0:00:01]} 22. Bc4 {[%emt 0:00:01]} Nd6 {[%emt 0:00:01]} 23. Be2 {[%emt 0:00:02]} Ne4 {[%emt 0:00:01]} 24. Be1 {[%emt 0:00:01]} Rc8 {[%emt 0:00:02]} 25. Bf3 {[%emt 0:00:01]} Ndf6 {[%emt 0:00:01]} 26. Kg2 {[%emt 0:00:01]} h6 {[%emt 0:00:01]} 27. h3 {[%emt 0:00:01]} g5 {[%emt 0:00:01]} 28. fxg5 {[%emt 0:00:00]} hxg5 {[%emt 0:00:00]} 29. Ba5 {[%emt 0:00:00]} g4 {[%emt 0:00:01]} 30. hxg4 {[%emt 0:00:01]} fxg4 {[%emt 0:00:01]} 31. Be2 {[%emt 0:00:01]} Rf8 {[%emt 0:00:01]} 32. Bd3 {[%emt 0:00:01]} Rce8 {[%emt 0:00:03]} 33. Bb4 {[%emt 0:00:01]} Rh8 {[%emt 0:00:02]} 34. Rd1 {[%emt 0:00:02]} Rh3 {[%emt 0:00:01]} 35. Rh1 {[%emt 0:00:02]} Rxh1 {[%emt 0:00:02]} 36. Kxh1 {[%emt 0:00:00]} g3 {[%emt 0:00:02]} 37. f3 {[%emt 0:00:01]} Nf2+ {[%emt 0:00:01]} 38. Kg2 {[%emt 0:00:01]} Nxd3 {[%emt 0:00:00]} 39. Bd2 {[%emt 0:00:02]} Rxe3 {[%emt 0:00:01]} 40. Bxe3 {[%emt 0:00:01]} Ne1+ {[%emt 0:00:00]} 41. Kxg3 {[%emt 0:00:00]} Nxc2 {[%emt 0:00:00]} 42. Bg5 {[%emt 0:00:01]} Nd5 {[%emt 0:00:01]} 43. Bh6 {[%emt 0:00:02]} Nxd4 {[%emt 0:00:00]} 44. Bg7 {[%emt 0:00:00]} Nxb3 {[%emt 0:00:00]} 45. Be5+ {[%emt 0:00:00]} Kc8 {[%emt 0:00:01]} 46. f4 {[%emt 0:00:00]} a5 {[%emt 0:00:00]} 47. f5 {[%emt 0:00:00]} Kd7 {[%emt 0:00:00]} 48. f6 {[%emt 0:00:01]} Ke6 {[%emt 0:00:00]} 49. Bc3 {[%emt 0:00:00]} Kf7 {[%emt 0:00:01]} 50. Bb2 {[%emt 0:00:01]} Nxf6 {[%emt 0:00:00]} 51. Kf4 {[%emt 0:00:01]} Nd5+ {[%emt 0:00:00]} 52. Ke4 {[%emt 0:00:00]} Ke6 {[%emt 0:00:01]} 53. Kd3 {[%emt 0:00:00]} b6 {[%emt 0:00:00]} 54. Kc4 {[%emt 0:00:00]} Kd6 {[%emt 0:00:00]} 55. Ba3+ {[%emt 0:00:01]} Nc5 {[%emt 0:00:01]} 56. Bb2 {[%emt 0:00:01]} b5+ {[%emt 0:00:00]} 57. Kd4 {[%emt 0:00:02]} a4 {[%emt 0:00:00]} 58. Ba3 {[%emt 0:00:01]} b4 {[%emt 0:00:00]} 59. Bc1 {[%emt 0:00:01]} a3 {[%emt 0:00:00]} 60. Kc4 {[%emt 0:00:01]} b3 {[%emt 0:00:01]} 61. Bxa3 {[%emt 0:00:01]} Nb6+ {[%emt 0:00:01]} 62. Kc3 {[%emt 0:00:01]} Kd5 {[%emt 0:00:00]} 63. Kb2 {[%emt 0:00:01]} Nba4+ {[%emt 0:00:01]} 64. Kc1 {[%emt 0:00:01]} Kc4 {[%emt 0:00:00]} 65. Kb1 {[%emt 0:00:02]} Nd3 {[%emt 0:00:01]} 66. Be7 {[%emt 0:00:01]} Nc3+ {[%emt 0:00:00]} 67. Ka1 {[%emt 0:00:01]} b2# {[%emt 0:00:00] (Lag: Av=0.67s, max=1.2s) (Lag: Av=0.67s, max=1.2s) (Lag: Av=0.67s, max=1.2s)} 0-1

[Event "398 Stay Safe Play From Home series"]
[Site "Emanuel Lasker Arena"]
[Date "2020.08.20"]
[Round "6"]
[White "Kasparov Garry"]
[Black "Mepe_Nika"]
[Result "1-0"]
[WhiteElo "2470"]
[BlackElo "2333"]
[PlyCount "59"]
[EventDate "2020.08.20"]
[EventType "swiss (blitz)"]

1. e4 {[%emt 0:00:02]} c6 {[%emt 0:00:01]} 2. d4 {[%emt 0:00:01]} d5 {[%emt 0:00:00]} 3. f3 {[%emt 0:00:01]} dxe4 {[%emt 0:00:01]} 4. fxe4 {[%emt 0:00:01]} e5 {[%emt 0:00:01]} 5. Nf3 {[%emt 0:00:01]} Bg4 {[%emt 0:00:00]} 6. c3 {[%emt 0:00:01]} Nd7 {[%emt 0:00:01]} 7. Nbd2 {[%emt 0:00:01]} Ngf6 {[%emt 0:00:02]} 8. h3 {[%emt 0:00:01]} Bh5 {[%emt 0:00:02]} 9. Be2 {[%emt 0:00:01]} Bd6 {[%emt 0:00:01]} 10. Nc4 {[%emt 0:00:01]} Bc7 {[%emt 0:00:02]} 11. O-O {[%emt 0:00:01]} Qe7 {[%emt 0:00:02]} 12. Nfxe5 {[%emt 0:00:01]} Bxe2 {[%emt 0:00:01]} 13. Qxe2 {[%emt 0:00:01]} Nxe5 {[%emt 0:00:01]} 14. dxe5 {[%emt 0:00:01]} Bxe5 {[%emt 0:00:00]} 15. Rf5 {[%emt 0:00:01]} Bc7 {[%emt 0:00:03]} 16. Bg5 {[%emt 0:00:01]} O-O-O {[%emt 0:00:09]} 17. e5 {[%emt 0:00:01]} Qc5+ {[%emt 0:00:04]} 18. Be3 {[%emt 0:00:01]} Qd5 {[%emt 0:00:04]} 19. Raf1 {[%emt 0:00:01]} Ne4 {[%emt 0:00:02]} 20. Rxf7 {[%emt 0:00:01]} Kb8 {[%emt 0:00:01]} 21. Bxa7+ {[%emt 0:00:01]} Kxa7 {[%emt 0:00:03]} 22. Rxc7 {[%emt 0:00:01]} Rhf8 {[%emt 0:00:01]} 23. Rxf8 {[%emt 0:00:01]} Rxf8 {[%emt 0:00:01]} 24. Rxg7 {[%emt 0:00:01]} Rf2 {[%emt 0:00:01]} 25. Qe3+ {[%emt 0:00:01]} c5 {[%emt 0:00:03]} 26. Nd6 {[%emt 0:00:01]} Qd1+ {[%emt 0:00:06]} 27. Kh2 {[%emt 0:00:01]} Rf1 {[%emt 0:00:00]} 28. Rxb7+ {[%emt 0:00:01]} Ka8 {[%emt 0:00:01]} 29. Qxe4 {[%emt 0:00:01]} Rh1+ {[%emt 0:00:01]} 30. Kg3 {[%emt 0:00:01] Time Time Time ' ' '} 1-0

[Event "398 Stay Safe Play From Home series"]
[Site "Emanuel Lasker Arena"]
[Date "2020.08.20"]
[Round "6"]
[White "IceQueen"]
[Black "AChessPlayer"]
[Result "1-0"]
[WhiteElo "2446"]
[BlackElo "2390"]
[PlyCount "109"]
[EventDate "2020.08.20"]
[EventType "swiss (blitz)"]

1. e4 {[%emt 0:00:01]} c6 {[%emt 0:00:01]} 2. Nc3 {[%emt 0:00:00]} d5 {[%emt 0:00:00]} 3. d4 {[%emt 0:00:00]} dxe4 {[%emt 0:00:01]} 4. Nxe4 {[%emt 0:00:00]} Nf6 {[%emt 0:00:00]} 5. Nxf6+ {[%emt 0:00:00]} exf6 {[%emt 0:00:00]} 6. c3 {[%emt 0:00:00]} Bd6 {[%emt 0:00:00]} 7. Bd3 {[%emt 0:00:00]} O-O {[%emt 0:00:00]} 8. Ne2 {[%emt 0:00:00]} Re8 {[%emt 0:00:00]} 9. Qc2 {[%emt 0:00:00]} h5 {[%emt 0:00:00]} 10. O-O {[%emt 0:00:01]} Nd7 {[%emt 0:00:00]} 11. Bd2 {[%emt 0:00:01]} Nf8 {[%emt 0:00:01]} 12. Rae1 {[%emt 0:00:01]} Be6 {[%emt 0:00:03]} 13. c4 {[%emt 0:00:02]} c5 {[%emt 0:00:02]} 14. d5 {[%emt 0:00:01]} Bd7 {[%emt 0:00:02]} 15. Nc3 {[%emt 0:00:01]} Rxe1 {[%emt 0:00:03]} 16. Rxe1 {[%emt 0:00:01]} Qc7 {[%emt 0:00:05]} 17. h3 {[%emt 0:00:01]} Re8 {[%emt 0:00:01]} 18. Ne4 {[%emt 0:00:01]} Be5 {[%emt 0:00:08]} 19. b3 {[%emt 0:00:02]} f5 {[%emt 0:00:04]} 20. Ng5 {[%emt 0:00:01]} g6 {[%emt 0:00:00]} 21. Nf3 {[%emt 0:00:01]} Bf6 {[%emt 0:00:00]} 22. Rxe8 {[%emt 0:00:02]} Bxe8 {[%emt 0:00:01]} 23. Be3 {[%emt 0:00:01]} Bd7 {[%emt 0:00:01]} 24. Qd2 {[%emt 0:00:01]} b6 {[%emt 0:00:01]} 25. Bf4 {[%emt 0:00:01]} Qd8 {[%emt 0:00:01]} 26. Bd6 {[%emt 0:00:01]} Nh7 {[%emt 0:00:01]} 27. Qe3 {[%emt 0:00:02]} Bg7 {[%emt 0:00:03]} 28. Ne5 {[%emt 0:00:01]} Nf6 {[%emt 0:00:01]} 29. Nxd7 {[%emt 0:00:03]} Nxd7 {[%emt 0:00:00]} 30. Bf4 {[%emt 0:00:06]} Bd4 {[%emt 0:00:01]} 31. Qe2 {[%emt 0:00:01]} Nf6 {[%emt 0:00:00]} 32. g3 {[%emt 0:00:02]} Qd7 {[%emt 0:00:02]} 33. Kg2 {[%emt 0:00:01]} Kg7 {[%emt 0:00:01]} 34. Be5 {[%emt 0:00:01]} Bxe5 {[%emt 0:00:03]} 35. Qxe5 {[%emt 0:00:00]} Qe8 {[%emt 0:00:01]} 36. Qxe8 {[%emt 0:00:01]} Nxe8 {[%emt 0:00:00]} 37. Kf3 {[%emt 0:00:00]} Nd6 {[%emt 0:00:00]} 38. Ke3 {[%emt 0:00:00]} Kf6 {[%emt 0:00:00]} 39. a3 {[%emt 0:00:01]} h4 {[%emt 0:00:00]} 40. gxh4 {[%emt 0:00:02]} Ke5 {[%emt 0:00:00]} 41. b4 {[%emt 0:00:01]} f4+ {[%emt 0:00:01]} 42. Kf3 {[%emt 0:00:01]} a5 {[%emt 0:00:00]} 43. bxa5 {[%emt 0:00:01]} bxa5 {[%emt 0:00:00]} 44. Kg4 {[%emt 0:00:00]} f5+ {[%emt 0:00:00]} 45. Kg5 {[%emt 0:00:01]} Kd4 {[%emt 0:00:01]} 46. Bf1 {[%emt 0:00:01]} f3 {[%emt 0:00:00]} 47. Kxg6 {[%emt 0:00:00]} Ne4 {[%emt 0:00:00]} 48. h5 {[%emt 0:00:00]} Nxf2 {[%emt 0:00:01]} 49. h6 {[%emt 0:00:00]} Ne4 {[%emt 0:00:01]} 50. h7 {[%emt 0:00:01]} Ng3 {[%emt 0:00:00]} 51. h8=Q+ {[%emt 0:00:01]} Ke3 {[%emt 0:00:00]} 52. Qc3+ {[%emt 0:00:02]} Kf2 {[%emt 0:00:00]} 53. Qd3 {[%emt 0:00:01]} Nxf1 {[%emt 0:00:01]} 54. Qxf5 {[%emt 0:00:00]} Ke3 {[%emt 0:00:01]} 55. Qe5+ {[%emt 0:00:01] Time Time Time (Lag: Av=0.56s, max=1.3s) (Lag: Av=0.56s, max=1.3s) (Lag: Av=0.56s, max=1.3s)} 1-0

[Event "398 Stay Safe Play From Home series"]
[Site "Emanuel Lasker Arena"]
[Date "2020.08.20"]
[Round "6"]
[White "Hickey"]
[Black "Jhhonnyy"]
[Result "1-0"]
[WhiteElo "2210"]
[BlackElo "2310"]
[PlyCount "97"]
[EventDate "2020.08.20"]
[EventType "swiss (blitz)"]

1. Nf3 {[%emt 0:00:01]} Nf6 {[%emt 0:00:01]} 2. b3 {[%emt 0:00:00]} g6 {[%emt 0:00:00]} 3. Bb2 {[%emt 0:00:00]} Bg7 {[%emt 0:00:00]} 4. e4 {[%emt 0:00:02]} d6 {[%emt 0:00:01]} 5. d3 {[%emt 0:00:01]} O-O {[%emt 0:00:00]} 6. Nbd2 {[%emt 0:00:00]} e5 {[%emt 0:00:00]} 7. Be2 {[%emt 0:00:01]} Re8 {[%emt 0:00:01]} 8. O-O {[%emt 0:00:00]} h6 {[%emt 0:00:00]} 9. c4 {[%emt 0:00:02]} c6 {[%emt 0:00:01]} 10. Qc2 {[%emt 0:00:01]} a5 {[%emt 0:00:01]} 11. Rac1 {[%emt 0:00:01]} Na6 {[%emt 0:00:00]} 12. a3 {[%emt 0:00:01]} Be6 {[%emt 0:00:00]} 13. Bc3 {[%emt 0:00:01]} Rc8 {[%emt 0:00:00]} 14. Qb2 {[%emt 0:00:00]} b6 {[%emt 0:00:01]} 15. b4 {[%emt 0:00:01]} axb4 {[%emt 0:00:01]} 16. axb4 {[%emt 0:00:00]} Kh7 {[%emt 0:00:01]} 17. Ra1 {[%emt 0:00:00]} Nb8 {[%emt 0:00:01]} 18. Ra7 {[%emt 0:00:02]} Nbd7 {[%emt 0:00:00]} 19. Rfa1 {[%emt 0:00:01]} Bg4 {[%emt 0:00:04]} 20. h3 {[%emt 0:00:01]} Bxf3 {[%emt 0:00:01]} 21. Nxf3 {[%emt 0:00:00]} Kg8 {[%emt 0:00:01]} 22. Bd1 {[%emt 0:00:01]} Nf8 {[%emt 0:00:01]} 23. Bb3 {[%emt 0:00:01]} Ne6 {[%emt 0:00:01]} 24. g3 {[%emt 0:00:00]} c5 {[%emt 0:00:01]} 25. Kg2 {[%emt 0:00:01]} g5 {[%emt 0:00:04]} 26. b5 {[%emt 0:00:02]} h5 {[%emt 0:00:01]} 27. Ne1 {[%emt 0:00:02]} h4 {[%emt 0:00:01]} 28. Nc2 {[%emt 0:00:01]} Nh5 {[%emt 0:00:01]} 29. Ne3 {[%emt 0:00:01]} hxg3 {[%emt 0:00:03]} 30. fxg3 {[%emt 0:00:00]} Qf6 {[%emt 0:00:01]} 31. Rf1 {[%emt 0:00:01]} Qg6 {[%emt 0:00:00]} 32. Nf5 {[%emt 0:00:01]} Nhf4+ {[%emt 0:00:01]} 33. gxf4 {[%emt 0:00:02]} Nxf4+ {[%emt 0:00:01]} 34. Kh2 {[%emt 0:00:01]} Nxd3 {[%emt 0:00:01]} 35. Qg2 {[%emt 0:00:02]} Nf4 {[%emt 0:00:01]} 36. Qg4 {[%emt 0:00:00]} Bf6 {[%emt 0:00:02]} 37. Bd2 {[%emt 0:00:01]} Ne6 {[%emt 0:00:01]} 38. Rg1 {[%emt 0:00:02]} Rcd8 {[%emt 0:00:01]} 39. h4 {[%emt 0:00:01]} Kf8 {[%emt 0:00:02]} 40. hxg5 {[%emt 0:00:01]} Bg7 {[%emt 0:00:02]} 41. Rg3 {[%emt 0:00:01]} Nf4 {[%emt 0:00:02]} 42. Bxf4 {[%emt 0:00:05]} exf4 {[%emt 0:00:00]} 43. Qxf4 {[%emt 0:00:00]} Be5 {[%emt 0:00:01]} 44. Qh4 {[%emt 0:00:01]} Bxg3+ {[%emt 0:00:01]} 45. Kxg3 {[%emt 0:00:00]} Re5 {[%emt 0:00:02]} 46. Qh8+ {[%emt 0:00:02]} Qg8 {[%emt 0:00:00]} 47. Qf6 {[%emt 0:00:01]} Rde8 {[%emt 0:00:03]} 48. Nxd6 {[%emt 0:00:02]} Qg7 {[%emt 0:00:03]} 49. Rxf7+ {[%emt 0:00:01] Jhhonnyy gibt auf Jhhonnyy gibt auf Jhhonnyy gibt auf (Lag: Av=0.58s, max=1.1s) (Lag: Av=0.58s, max=1.1s) (Lag: Av=0.58s, max=1.1s)} 1-0

[Event "398 Stay Safe Play From Home series"]
[Site "Emanuel Lasker Arena"]
[Date "2020.08.20"]
[Round "6"]
[White "AlexK"]
[Black "Rogan"]
[Result "1-0"]
[WhiteElo "2068"]
[BlackElo "2213"]
[PlyCount "125"]
[EventDate "2020.08.20"]
[EventType "swiss (blitz)"]

1. d3 {[%emt 0:00:03]} d5 {[%emt 0:00:07]} 2. Nf3 {[%emt 0:00:00]} c6 {[%emt 0:00:00]} 3. d4 {[%emt 0:00:01]} Nf6 {[%emt 0:00:00]} 4. Bf4 {[%emt 0:00:01]} Bg4 {[%emt 0:00:00]} 5. e3 {[%emt 0:00:01]} Qb6 {[%emt 0:00:00]} 6. b3 {[%emt 0:00:01]} Nbd7 {[%emt 0:00:00]} 7. c3 {[%emt 0:00:01]} Ne4 {[%emt 0:00:01]} 8. Be2 {[%emt 0:00:02]} Bxf3 {[%emt 0:00:02]} 9. Bxf3 {[%emt 0:00:01]} e6 {[%emt 0:00:00]} 10. O-O {[%emt 0:00:01]} Be7 {[%emt 0:00:01]} 11. Qc2 {[%emt 0:00:00]} f5 {[%emt 0:00:01]} 12. Be2 {[%emt 0:00:01]} O-O {[%emt 0:00:01]} 13. h3 {[%emt 0:00:01]} c5 {[%emt 0:00:02]} 14. f3 {[%emt 0:00:01]} Nef6 {[%emt 0:00:02]} 15. Bd3 {[%emt 0:00:01]} cxd4 {[%emt 0:00:01]} 16. exd4 {[%emt 0:00:02]} Rac8 {[%emt 0:00:00]} 17. Qb2 {[%emt 0:00:01]} Nh5 {[%emt 0:00:02]} 18. Be3 {[%emt 0:00:01]} Bh4 {[%emt 0:00:03]} 19. Nd2 {[%emt 0:00:02]} Ng3 {[%emt 0:00:02]} 20. Rfc1 {[%emt 0:00:02]} e5 {[%emt 0:00:01]} 21. Kh2 {[%emt 0:00:04]} e4 {[%emt 0:00:02]} 22. Bf1 {[%emt 0:00:05]} exf3 {[%emt 0:00:08]} 23. Nxf3 {[%emt 0:00:01]} Qd6 {[%emt 0:00:01]} 24. Kg1 {[%emt 0:00:02]} Bf6 {[%emt 0:00:07]} 25. Qd2 {[%emt 0:00:01]} Ne4 {[%emt 0:00:01]} 26. Qd3 {[%emt 0:00:01]} f4 {[%emt 0:00:01]} 27. Bf2 {[%emt 0:00:01]} Nxf2 {[%emt 0:00:05]} 28. Kxf2 {[%emt 0:00:01]} Rce8 {[%emt 0:00:00]} 29. Kg1 {[%emt 0:00:01]} g6 {[%emt 0:00:02]} 30. Re1 {[%emt 0:00:01]} Bg7 {[%emt 0:00:00]} 31. Rxe8 {[%emt 0:00:01]} Rxe8 {[%emt 0:00:00]} 32. Re1 {[%emt 0:00:02]} Rxe1 {[%emt 0:00:00]} 33. Nxe1 {[%emt 0:00:02]} Nf6 {[%emt 0:00:00]} 34. Nf3 {[%emt 0:00:00]} Ne4 {[%emt 0:00:00]} 35. Qc2 {[%emt 0:00:02]} Bf6 {[%emt 0:00:00]} 36. Bd3 {[%emt 0:00:01]} Be7 {[%emt 0:00:00]} 37. Bxe4 {[%emt 0:00:01]} dxe4 {[%emt 0:00:00]} 38. Qxe4 {[%emt 0:00:01]} Qa3 {[%emt 0:00:00]} 39. c4 {[%emt 0:00:01]} Qd6 {[%emt 0:00:01]} 40. Qd5+ {[%emt 0:00:01]} Qxd5 {[%emt 0:00:01]} 41. cxd5 {[%emt 0:00:00]} Bd6 {[%emt 0:00:00]} 42. Kf1 {[%emt 0:00:00]} Kf7 {[%emt 0:00:00]} 43. Ke2 {[%emt 0:00:00]} Kf6 {[%emt 0:00:00]} 44. Kd3 {[%emt 0:00:00]} g5 {[%emt 0:00:01]} 45. Ke4 {[%emt 0:00:01]} h5 {[%emt 0:00:00]} 46. Ne5 {[%emt 0:00:01]} Bxe5 {[%emt 0:00:01]} 47. dxe5+ {[%emt 0:00:01]} Ke7 {[%emt 0:00:00]} 48. h4 {[%emt 0:00:00]} Kd7 {[%emt 0:00:00]} 49. hxg5 {[%emt 0:00:01]} h4 {[%emt 0:00:00]} 50. Kxf4 {[%emt 0:00:01]} h3 {[%emt 0:00:00]} 51. gxh3 {[%emt 0:00:00]} Ke7 {[%emt 0:00:00]} 52. g6 {[%emt 0:00:01]} Kf8 {[%emt 0:00:01]} 53. h4 {[%emt 0:00:00]} Kg7 {[%emt 0:00:00]} 54. h5 {[%emt 0:00:00]} Kh6 {[%emt 0:00:00]} 55. Kf5 {[%emt 0:00:00]} Kg7 {[%emt 0:00:00]} 56. e6 {[%emt 0:00:00]} Kf8 {[%emt 0:00:00]} 57. d6 {[%emt 0:00:00]} Ke8 {[%emt 0:00:00]} 58. d7+ {[%emt 0:00:00]} Kd8 {[%emt 0:00:00]} 59. g7 {[%emt 0:00:01]} Ke7 {[%emt 0:00:00]} 60. g8=Q {[%emt 0:00:00]} Kd6 {[%emt 0:00:00]} 61. Qf7 {[%emt 0:00:00]} Kc7 {[%emt 0:00:00]} 62. d8=Q+ {[%emt 0:00:00]} Kc6 {[%emt 0:00:01]} 63. Qfd7+ {[%emt 0:00:00] ' ' ' Time Time Time} 1-0

[Event "398 Stay Safe Play From Home series"]
[Site "Emanuel Lasker Arena"]
[Date "2020.08.20"]
[Round "6"]
[White "Stefansmtk"]
[Black "Klasman"]
[Result "1-0"]
[WhiteElo "1977"]
[BlackElo "1405"]
[Annotator "NA"]
[PlyCount "43"]
[EventDate "2020.08.20"]
[EventType "swiss (blitz)"]

1. d4 {[%emt 0:00:01]} f5 {[%emt 0:00:01]} 2. g4 {[%emt 0:00:01]} fxg4 {[%emt 0:00:03]} 3. e4 {[%emt 0:00:00]} d5 {[%emt 0:00:03]} 4. e5 {[%emt 0:00:01]} Bf5 {[%emt 0:00:04]} 5. Nc3 {[%emt 0:00:01]} e6 {[%emt 0:00:01]} 6. h3 {[%emt 0:00:01]} gxh3 {[%emt 0:00:04]} 7. Bxh3 {[%emt 0:00:01]} Qh4 {[%emt 0:00:06]} 8. Bg2 {[%emt 0:00:07]} Qd8 {[%emt 0:00:06]} 9. Nge2 {[%emt 0:00:01]} Ne7 {[%emt 0:00:01]} 10. Ng3 {[%emt 0:00:00]} Bg6 {[%emt 0:00:02]} 11. Bh3 {[%emt 0:00:01]} Nf5 {[%emt 0:00:02]} 12. Nxf5 {[%emt 0:00:01]} exf5 {[%emt 0:00:02]} 13. f4 {[%emt 0:00:03]} Bb4 {[%emt 0:00:01]} 14. Bd2 {[%emt 0:00:01]} Bxc3 {[%emt 0:00:01]} 15. Bxc3 {[%emt 0:00:01]} c6 {[%emt 0:00:01]} 16. Qd3 {[%emt 0:00:01]} Nd7 {[%emt 0:00:01]} 17. Bxf5 {[%emt 0:00:02]} O-O {[%emt 0:00:01]} 18. Bxg6 {[%emt 0:00:01]} hxg6 {[%emt 0:00:05]} 19. Qxg6 {[%emt 0:00:01]} Rxf4 {[%emt 0:00:04]} 20. O-O-O {[%emt 0:00:03]} Rh4 {[%emt 0:00:07]} 21. Rhg1 {[%emt 0:00:04]} Qe7 {[%emt 0:00:03]} 22. Be1 {[%emt 0:00:05] Time Time Time (Lag: Av=0.49s, max=1.1s) (Lag: Av=0.49s, max=1.1s) (Lag: Av=0.49s, max=1.1s)} 1-0